[Event "Morbihan-ch 0506"]
[Site "Arradon"]
[Date "2006.03.18"]
[Round "6"]
[White "Rivalin, Patrick"]
[Black "Rostam, Salim"]
[Result "1-0"]
[WhiteElo "1510"]
[BlackElo "1520"]
[PlyCount "47"]
[EventDate "2005.10.01"]
[EventType "swiss"]
[EventRounds "7"]
[EventCountry "FRA"]
[SourceTitle "EXT 2007"]
[Source "ChessBase"]
[SourceDate "2006.11.23"]
[SourceVersion "1"]
[SourceVersionDate "2006.11.23"]
[SourceQuality "1"]

1. d4 e6 2. c4 d5 3. a3 c5 4. cxd5 exd5 5. dxc5 Bxc5 6. Nf3 Nc6 7. b4 Bd6 8. Bb2 Nf6 9. Nc3 Be6 10. Nb5 Be7 11. Nbd4 Nxd4 12. Nxd4 0-0 13. e3 a6 14. Be2 Rc8 15. 0-0 Ne4 16. Bd3 Nc3 17. Bxh7+ Kxh7 18. Qd3+ Ne4 19. f3 f5 20. Nxe6 Qd7 21. Nxf8+ Rxf8 22. fxe4 fxe4 23. Qd1 Rd8 24. Qh5+ 1-0

[Event "Morbihan-ch 0506"]
[Site "Arradon"]
[Date "2005.10.31"]
[Round "2"]
[White "Rivalin, Patrick"]
[Black "Peyre, Camille"]
[Result "0-1"]
[WhiteElo "1520"]
[BlackElo "1770"]
[PlyCount "35"]
[EventDate "2005.10.01"]
[EventType "swiss"]
[EventRounds "7"]
[EventCountry "FRA"]
[SourceTitle "EXT 2007"]
[Source "ChessBase"]
[SourceDate "2006.11.23"]
[SourceVersion "1"]
[SourceVersionDate "2006.11.23"]
[SourceQuality "1"]

1. d4 Nf6 2. c4 e6 3. Nf3 b6 4. Nc3 Bb4 5. Bd2 Bb7 6. e3 c5 7. Nb5 Bxd2+ 8. Nxd2 d6 9. f3 a6 10. Nc3 Nc6 11. Nde4 Nxe4 12. Nxe4 d5 13. Nf2 cxd4 14. exd4 dxc4 15. Bxc4 Qxd4 16. Qb3 Na5 17. Qa4+ Bc6 18. Qc2 0-1

[Event "Morbihan-ch 0405"]
[Site "Arradon"]
[Date "2004.10.10"]
[Round "1"]
[White "Peyre, Jean Jacques"]
[Black "Rivalin, Patrick"]
[Result "1-0"]
[WhiteElo "1580"]
[BlackElo "1450"]
[PlyCount "72"]
[EventDate "2004.10.10"]
[EventType "swiss"]
[EventRounds "7"]
[EventCountry "FRA"]
[SourceTitle "EXT 2007"]
[Source "ChessBase"]
[SourceDate "2006.11.23"]
[SourceVersion "1"]
[SourceVersionDate "2006.11.23"]
[SourceQuality "1"]

1. c4 e5 2. g3 Bc5 3. Bg2 Nc6 4. Nc3 Nge7 5. Nf3 d6 6. d3 Bf5 7. a3 0-0 8. 0-0 Qd7 9. Re1 Rab8 10. b4 Bd4 11. Nxd4 Nxd4 12. Be3 Bh3 13. Bh1 Nef5 14. Bxd4 Nxd4 15. Ra2 f5 16. Rb2 c6 17. Qd2 Bg4 18. a4 a6 19. b5 axb5 20. axb5 Kh8 21. Reb1 c5 22. Re1 f4 23. Ne4 fxg3 24. hxg3 Qf5 25. Qe3 Rbd8 26. Rf1 Qh5 27. f3 Qh3 28. Rf2 Nf5 29. Qg5 Nxg3 30. Nxg3 Qxg3+ 31. Rg2 Qe1+ 32. Kh2 Qc3 33. Qxg4 Rf7 34. Rb1 Qd2 35. Rf1 Ra8 36. Rff2 Ra1 1-0